| 000 | 00764cab a2200229 4500 | ||
|---|---|---|---|
| 001 | ABS41950 | ||
| 008 | 090401t1990 xxu||||| |||| 00| 0 eng d | ||
| 035 | _a(Sirsi) u33661 | ||
| 041 | _aeng | ||
| 100 | _aKitchen, S. | ||
| 245 | _aSmoke screening | ||
| 260 | _c1990 | ||
| 350 | _a0 | ||
| 490 |
_aBuilding _v255(7631) 19 January 1990, 28(1) |
||
| 520 | _aOutlines the method of assessment of a buildings overall fire risk . Called SNARF , (systematic numerical analysis of the risk of fires), it is a computer model developed by Dr Jasbir Singh for the Hazard Evaluation Laboratory . | ||
| 650 | _aBNFL | ||
| 650 | _aCOMPUTER MODELLING | ||
| 650 | _aEVALUATION | ||
| 690 | _aBUILT ENVIRONMENT-BUILDING STANDARDS | ||
| 942 | _n0 | ||
| 948 | _c04/03/1997 | ||
| 999 |
_c22447 _d22447 |
||